Caras de fiesta (Record no. 10325)

MARC details
000 -CABECERA
campo de control de longitud fija 01177nam a2200265 a 4500
001 - NÚMERO DE CONTROL
campo de control BRL_1516
005 - FECHA Y HORA DE LA ÚLTIMA TRANSACCIÓN
campo de control 20190320211237.0
008 - DATOS DE LONGITUD FIJA--INFORMACIÓN GENERAL
campo de control de longitud fija 130214s1981----u--ao#####---#000-0#eng-#
041 ## - CÓDIGO DE LENGUA
Código de lengua del texto/banda sonora o título independiente eng
Código de lengua original spa
044 ## - CÓDIGO DEL PAÍS DE LA ENTIDAD EDITORA/PRODUCTORA
Código MARC del país u
050 #4 - SIGNATURA TOPOGRÁFICA DE LA BIBLIOTECA DEL CONGRESO
Número de clasificación F1219.3.M4
Número de documento/Ítem .C37 1981
245 10 - MENCIÓN DE TÍTULO
Título Caras de fiesta
Resto del título máscaras mexicanas en contexto = Faces of fiesta : mexican masks in context
Mención de responsabilidad, etc. catalog designed by Rachael Bernier ; spanishtranslation of english text by Connie Malco Gustavo V. Segade.
260 ## - PUBLICACIÓN, DISTRIBUCIÓN, ETC.
Lugar de publicación, distribución, etc. San Diego, CA.
Nombre del editor, distribuidor, etc. San Diego State University Syllabus Service
Fecha de publicación, distribución, etc. 1981
300 ## - DESCRIPCIÓN FÍSICA
Extensión [62] p.
Otras características físicas il., fotografías (blanco y negro)
Dimensiones 21 cm.
500 ## - NOTA GENERAL
Nota general Au1764
500 ## - NOTA GENERAL
Nota general Incluye dedicatoria a Ruth Lechuga
500 ## - NOTA GENERAL
Nota general Galeria de la Ciudad de Mexicali, Mexicali, Baja California del 27 de noviembre al 14de diciembre de 1981
500 ## - NOTA GENERAL
Nota general University Gallery, San Diego State University, San Diego, California, October 24 -noviembre 21, 1981
650 14 - PUNTO DE ACCESO ADICIONAL DE MATERIA--TÉRMINO DE MATERIA
Término de materia o nombre geográfico como elemento de entrada Máscaras
Subdivisión de forma Exposiciones
Subdivisión geográfica México
9 (RLIN) 23518
700 1# - PUNTO DE ACCESO ADICIONAL--NOMBRE DE PERSONA
Nombre de persona Malcom Moreno, Connie
Término indicativo de función/relación tr.
9 (RLIN) 27145
700 1# - PUNTO DE ACCESO ADICIONAL--NOMBRE DE PERSONA
Nombre de persona Segade, Gustavo V.
Término indicativo de función/relación tr.
9 (RLIN) 27146
740 0# - PUNTO DE ACCESO ADICIONAL--TÍTULO RELACIONADO O ANALÍTICO NO CONTROLADO
Título relacionado o analítico no controlado Faces of fiesta : mexican masks in context
902 ## - CATALOGADOR
Iniciales GRL
942 ## - ELEMENTOS DE PUNTO DE ACCESO ADICIONAL (KOHA)
Fuente del sistema de clasificación o colocación Library of Congress Classification
Tipo de ítem Koha Libros
Holdings
Estado de retiro Estado de pérdida Estado dañado No para préstamo Localización permanente Ubicación/localización actual Fecha de adquisición Número de inventario Total de préstamos Signatura topográfica completa Código de barras Fecha visto por última vez Precio válido a partir de Tipo de ítem Koha
El ejemplar forma parte de la colección y puede ser consultado según las políticas vigentes.       Biblioteca Centro de Estudios Ruth D. Lechuga Biblioteca Centro de Estudios Ruth D. Lechuga 13/02/2014 Au1764   F1219.3.M4 .C37 1981 (Au1764) GRL01675 22/03/2019 22/03/2019 Libros